000 00694nam a2200229Ia 4500
003 GCL
008 140319s9999 xx 000 0 ara d
040 _aGCL /
_cGCL
082 0 4 _a158.7
_bع ك
100 1 _aعبدالرحمن عيسوى
245 1 0 _aالكفاءة الانتاجية /
_cعبدالرحمن عيسوى
300 _a455 ص
490 _a
650 0 4 _aالامن الصناعى
650 0 4 _aادارة الافراد
650 0 4 _aالقيادة
650 0 4 _aالكفاية الانتاجية
650 0 4 _aالاجتماع الصناعى، علم
650 0 4 _aعلم النفس - الصناعى
650 0 4 _aالهندسة البشرية
942 _2ddc
_cBK
999 _c45254
_d45254